MARC details
| 000 -LEADER |
| fixed length control field |
01511nam a2200325Ia 4500 |
| 001 - CONTROL NUMBER |
| control field |
61243948 |
| 003 - CONTROL NUMBER IDENTIFIER |
| control field |
OCoLC |
| 005 - DATE AND TIME OF LATEST TRANSACTION |
| control field |
20241126110719.0 |
| 008 - FIXED-LENGTH DATA ELEMENTS--GENERAL INFORMATION |
| fixed length control field |
050810s1999 miu b 001 0 eng d |
| 020 ## - INTERNATIONAL STANDARD BOOK NUMBER |
| International Standard Book Number |
0310212715 (pbk.) : |
| 020 ## - INTERNATIONAL STANDARD BOOK NUMBER |
| International Standard Book Number |
9780310212713 (pbk.) |
| 035 ## - SYSTEM CONTROL NUMBER |
| System control number |
(OCoLC)61243948 |
| 040 ## - CATALOGING SOURCE |
| Original cataloging agency |
ABF |
| Transcribing agency |
ABF |
| Modifying agency |
ATH |
| 082 ## - DEWEY DECIMAL CLASSIFICATION NUMBER |
| Classification number |
241.2 |
| Item number |
LAW |
| 090 ## - LOCALLY ASSIGNED LC-TYPE CALL NUMBER (OCLC); LOCAL CALL NUMBER (RLIN) |
| Classification number (OCLC) (R) ; Classification number, CALL (RLIN) (NR) |
BT79 |
| Local cutter number (OCLC) ; Book number/undivided call number, CALL (RLIN) |
.L38 1999 |
| 090 ## - LOCALLY ASSIGNED LC-TYPE CALL NUMBER (OCLC); LOCAL CALL NUMBER (RLIN) |
| Classification number (OCLC) (R) ; Classification number, CALL (RLIN) (NR) |
BT79 |
| Local cutter number (OCLC) ; Book number/undivided call number, CALL (RLIN) |
.L38 1999 |
| 130 0# - |
| -- |
Law, the gospel, and the modern Christian. |
| -- |
17086 |
| 245 10 - TITLE STATEMENT |
| Title |
Five views on law and Gospel / |
| Statement of responsibility, etc. |
Greg L. Bahnsen ... [et al.]. |
| 260 ## - PUBLICATION, DISTRIBUTION, ETC. |
| Place of publication, distribution, etc. |
Grand Rapids, MI : |
| Name of publisher, distributor, etc. |
Zondervan, |
| Date of publication, distribution, etc. |
c1999. |
| 300 ## - PHYSICAL DESCRIPTION |
| Extent |
416 p. ; |
| Dimensions |
20 cm. |
| 490 1# - SERIES STATEMENT |
| Series statement |
Counterpoints |
| 500 ## - GENERAL NOTE |
| General note |
Originally published under title: The law, the gospel, and the modern Christian, 1993. |
| 504 ## - BIBLIOGRAPHY, ETC. NOTE |
| Bibliography, etc. note |
Includes bibliographical references and indexes. |
| 505 00 - FORMATTED CONTENTS NOTE |
| Title |
Law is the perfection of righteousness in Jesus Christ: a reformed perspective / |
| Statement of responsibility |
Willem A. Vangemeren -- |
| Title |
Theonomic reformed approach to law and gospel / |
| Statement of responsibility |
Greg L. Bahnsen -- |
| Title |
Law as God's gracious guidance for the promotion of holiness / |
| Statement of responsibility |
Walter C. Kaiser -- |
| Title |
Inauguration of the law of Christ with the gospel of Christ: a dispensational view / |
| Statement of responsibility |
Wayne G. Strickland -- |
| Title |
Law of Christ as the fulfillment of the law of Moses: a modified Lutheran view / |
| Statement of responsibility |
Douglas Moo. |
| 650 #0 - SUBJECT ADDED ENTRY--TOPICAL TERM |
| Topical term or geographic name entry element |
Law and gospel. |
| 9 (RLIN) |
381 |
| 650 #0 - SUBJECT ADDED ENTRY--TOPICAL TERM |
| Topical term or geographic name entry element |
Evangelicalism. |
| 9 (RLIN) |
178 |
| 700 1# - ADDED ENTRY--PERSONAL NAME |
| Personal name |
Bahnsen, Greg L. |
| 9 (RLIN) |
17087 |
| 830 #0 - |
| -- |
Counterpoints (Grand Rapids, Mich.) |
| -- |
1396 |
| 942 ## - ADDED ENTRY ELEMENTS (KOHA) |
| Source of classification or shelving scheme |
Dewey Decimal Classification |
| Koha item type |
Books |
| Koha issues (borrowed), all copies |
1 |